It looks like you're offline.
Open Library logo
additional options menu

MARC Record from Library of Congress

Record ID marc_loc_2016/BooksAll.2016.part03.utf8:152485833:753
Source Library of Congress
Download Link /show-records/marc_loc_2016/BooksAll.2016.part03.utf8:152485833:753?format=raw

LEADER: 00753cam a22002291 4500
001 37030962
003 DLC
005 20050520172559.0
008 860805r19231915enk b 000 1 eng
010 $a 37030962
035 $a(OCoLC)14047375
040 $aDLC$cMWelC$dDLC
042 $apremarc
050 00 $aAC1$b.E8 no. 732$aPR4967.P49
100 1 $aMacdonald, George,$d1824-1905.
245 10 $aPhantastes$c[by] George Macdonald.
260 $aLondon,$bJ.M. Dent & Sons, Ltd.;$aNew York,$bE.P. Dutton & Co., Inc.$c[1923]
300 $axi, [1], 237, [1] p.$c18 cm.
490 0 $aEveryman's library. Romance.$v[no. 732]
500 $a"First published in this edition, 1915; reprinted, 1923."
504 $aBibliography: p. x.
655 7 $aFantasy fiction.$2gsafd